Demand analysis : a study in econometrics /
Guardado en:
| Autor Principal: | |
|---|---|
| Otros Autores: | |
| Formato: | Libro |
| Idioma: | English |
| Publicado: |
New York :
Wiley,
c1953.
|
| Series: | Wiley publications in statistics. Applied statistics
|
| Etiquetas: |
Agregar Etiqueta
Sin Etiquetas, Sea el primero en etiquetar este registro!
|
| LEADER | 00665nam a22001935a 4500 | ||
|---|---|---|---|
| 001 | MAT.inmabb000783 | ||
| 008 | 031119s1953####nyua#####b####001#0#eng#d | ||
| 005 | 20130410161906.0 | ||
| 245 | 1 | 0 | |a Demand analysis : |b a study in econometrics / |c by Herman Wold ; in association with Lars Juréen. |
| 260 | |a New York : |b Wiley, |c c1953. | ||
| 300 | |a xvi, 358 p. : |b il. ; |c 24 cm. | ||
| 440 | 0 | |a Wiley publications in statistics. |p Applied statistics | |
| 504 | |a Bibliografía: p. [337]-346. | ||
| 510 | 4 | |a MR, |c 16,274f | |
| 100 | 1 | |a Wold, Herman O. A., |d 1908- | |
| 700 | 1 | |a Juréen, Lars. | |
| 084 | |a 62P20 |2 msc2000 | ||
| 010 | |a 53007196 | ||
| 859 | |h 62 |i W852 |p A-596 |b BIB. MATEMATICA | ||
